00741nam a22001817a 4500003000900000008004100009040007100050082002000121100003200141245004400173260003100217300002600248440006500274505015500339650002100494650002600515650001800541AR-CdUCM190515b           ||||| |||| 00| 0 spa d  aMUNICIPALIDAD PROVINCIAL DEL CUSCOcBIBLIOTECA MUNICIPAL DEL CUSCO  a345.701 /bSA15  aSagástegui Urteaga, Pedro  aTeoría general del proceso judicial /  aLima :bSan Marcos,c1996.  a397 paginas ;c22 cm.  aColección Textos Universitarios de Derecho Contemporáneo  aContenido : Nociones generales -- Conceptos básicos actuales y derecho -- Instituciones procesales -- Sujetos en el proceso -- Actividad procesal...  aProceso judicial  aProcesos en el Perú  aActo del juez